000 00301nam a2200121Ia 4500
008 190216s9999||||xx |||||||||||||| ||und||
100 _aGurtu Jn &amit Gurtu
245 0 _aChemical Kinetics
260 _bPragathi Prakashan
_c1979
300 _a147p
650 _aChemistry-Chemistry
942 _cBK
999 _c2231
_d2231